<?xml version="1.0" encoding="UTF-8"?>
<collection xmlns="http://www.loc.gov/MARC21/slim">
 <record>
  <leader>03402nam a2200601 i 4500</leader>
  <controlfield tag="001">44948</controlfield>
  <controlfield tag="003">BD-DhAAL</controlfield>
  <controlfield tag="005">20251104123739.0</controlfield>
  <controlfield tag="007">co cga||||||||</controlfield>
  <controlfield tag="008">160805s2016    ja a   e      001 0 eng  </controlfield>
  <datafield tag="010" ind1=" " ind2=" ">
   <subfield code="a">  2016950320</subfield>
  </datafield>
  <datafield tag="020" ind1=" " ind2=" ">
   <subfield code="a">9784805310496</subfield>
  </datafield>
  <datafield tag="020" ind1=" " ind2=" ">
   <subfield code="a">9784805319505</subfield>
  </datafield>
  <datafield tag="020" ind1=" " ind2=" ">
   <subfield code="a">4805310499</subfield>
  </datafield>
  <datafield tag="035" ind1=" " ind2=" ">
   <subfield code="a">19219731</subfield>
  </datafield>
  <datafield tag="035" ind1=" " ind2=" ">
   <subfield code="a">(OCoLC)972311607</subfield>
  </datafield>
  <datafield tag="040" ind1=" " ind2=" ">
   <subfield code="a">AU@</subfield>
   <subfield code="b">eng</subfield>
   <subfield code="c">AU@</subfield>
   <subfield code="e">rda</subfield>
   <subfield code="d">OCLCO</subfield>
   <subfield code="d">GZD</subfield>
   <subfield code="d">YDXCP</subfield>
   <subfield code="d">BTCTA</subfield>
   <subfield code="d">GK5</subfield>
   <subfield code="d">VP@</subfield>
   <subfield code="d">OCLCF</subfield>
   <subfield code="d">OCLCQ</subfield>
   <subfield code="d">NTE</subfield>
   <subfield code="d">WAU</subfield>
   <subfield code="d">DAC</subfield>
   <subfield code="d">DLC</subfield>
  </datafield>
  <datafield tag="041" ind1="0" ind2=" ">
   <subfield code="a">eng</subfield>
   <subfield code="a">jpn</subfield>
  </datafield>
  <datafield tag="042" ind1=" " ind2=" ">
   <subfield code="a">lccopycat</subfield>
  </datafield>
  <datafield tag="043" ind1=" " ind2=" ">
   <subfield code="a">a-ja---</subfield>
  </datafield>
  <datafield tag="050" ind1="0" ind2="0">
   <subfield code="a">PL539.5.E5</subfield>
   <subfield code="b">S77 2016</subfield>
  </datafield>
  <datafield tag="082" ind1="0" ind2="4">
   <subfield code="a">495.611</subfield>
   <subfield code="2">23</subfield>
  </datafield>
  <datafield tag="100" ind1="1" ind2=" ">
   <subfield code="a">Stout, Timothy G.,</subfield>
   <subfield code="e">author</subfield>
   <subfield code="e">illustrator.</subfield>
   <subfield code="9">59615</subfield>
  </datafield>
  <datafield tag="245" ind1="1" ind2="0">
   <subfield code="a">Japanese kanji for beginners :</subfield>
   <subfield code="b">the method that's helped thousands in the U.S. and Japan learn Japanese successfully /</subfield>
   <subfield code="c">Timothy G. Stout &amp; Kaori Hakone ; illustrated by Timothy G. Stout and Kinuka Uchida.</subfield>
  </datafield>
  <datafield tag="250" ind1=" " ind2=" ">
   <subfield code="a">First edition.</subfield>
  </datafield>
  <datafield tag="260" ind1=" " ind2=" ">
   <subfield code="a">Tokyo ;</subfield>
   <subfield code="a">Rutland, Vermont :</subfield>
   <subfield code="b">Tuttle Publishing,</subfield>
   <subfield code="c">©2016.</subfield>
  </datafield>
  <datafield tag="300" ind1=" " ind2=" ">
   <subfield code="a">319 pages :</subfield>
   <subfield code="b">illustrations ;</subfield>
   <subfield code="c">23 cm</subfield>
  </datafield>
  <datafield tag="500" ind1=" " ind2=" ">
   <subfield code="a">&quot;JLPT N5 + N4&quot; -- cover.</subfield>
  </datafield>
  <datafield tag="520" ind1=" " ind2=" ">
   <subfield code="a">This handy book teaches you a new mnemonics-based method to read and write the 430 highest-frequency kanji characters. The accompanying CD-ROM includes an interactive game, printable flash cards, and native-speaker audio recordings of all 430 kanji and their related vocabulary.</subfield>
  </datafield>
  <datafield tag="526" ind1=" " ind2=" ">
   <subfield code="a">CSE</subfield>
   <subfield code="x">Annajiat Alim Rasel
Senior Lecturer
Department of Computer Science and Engineering
BRAC University
Course Name : Japanese Language and General for ITEE (JPN 101)

</subfield>
  </datafield>
  <datafield tag="541" ind1=" " ind2=" ">
   <subfield code="a">Trim Education</subfield>
  </datafield>
  <datafield tag="546" ind1=" " ind2=" ">
   <subfield code="a">In English and Japanese.</subfield>
  </datafield>
  <datafield tag="650" ind1=" " ind2="0">
   <subfield code="a">Japanese language</subfield>
   <subfield code="v">Self-instruction.</subfield>
   <subfield code="9">59616</subfield>
  </datafield>
  <datafield tag="650" ind1=" " ind2="0">
   <subfield code="a">Japanese language</subfield>
   <subfield code="x">Study and teaching</subfield>
   <subfield code="x">Foreign speakers.</subfield>
   <subfield code="9">59296</subfield>
  </datafield>
  <datafield tag="650" ind1=" " ind2="0">
   <subfield code="a">Japanese language</subfield>
   <subfield code="x">Phonology.</subfield>
   <subfield code="9">59617</subfield>
  </datafield>
  <datafield tag="650" ind1=" " ind2="0">
   <subfield code="a">Chinese characters</subfield>
   <subfield code="z">Japan.</subfield>
   <subfield code="9">59284</subfield>
  </datafield>
  <datafield tag="650" ind1=" " ind2="0">
   <subfield code="a">Japanese language</subfield>
   <subfield code="x">Writing.</subfield>
   <subfield code="9">59285</subfield>
  </datafield>
  <datafield tag="650" ind1=" " ind2="0">
   <subfield code="a">Japanese language</subfield>
   <subfield code="v">Textbooks for foreign speakers</subfield>
   <subfield code="x">English.</subfield>
   <subfield code="9">59285</subfield>
  </datafield>
  <datafield tag="650" ind1=" " ind2="7">
   <subfield code="a">Chinese characters.</subfield>
   <subfield code="9">59284</subfield>
  </datafield>
  <datafield tag="650" ind1=" " ind2="7">
   <subfield code="a">Japanese language.</subfield>
   <subfield code="9">59296</subfield>
  </datafield>
  <datafield tag="650" ind1=" " ind2="7">
   <subfield code="a">Japanese language</subfield>
   <subfield code="x">Phonology.</subfield>
   <subfield code="9">59617</subfield>
  </datafield>
  <datafield tag="650" ind1=" " ind2="7">
   <subfield code="a">Japanese language</subfield>
   <subfield code="x">Study and teaching</subfield>
   <subfield code="x">Foreign speakers.</subfield>
   <subfield code="9">59296</subfield>
  </datafield>
  <datafield tag="650" ind1=" " ind2="7">
   <subfield code="a">Japanese language</subfield>
   <subfield code="x">Writing.</subfield>
  </datafield>
  <datafield tag="651" ind1=" " ind2="7">
   <subfield code="a">Japan.</subfield>
  </datafield>
  <datafield tag="655" ind1=" " ind2="7">
   <subfield code="a">Self-instruction.</subfield>
   <subfield code="9">59618</subfield>
  </datafield>
  <datafield tag="655" ind1=" " ind2="7">
   <subfield code="a">Textbooks</subfield>
   <subfield code="v">for English speakers.</subfield>
   <subfield code="9">59619</subfield>
  </datafield>
  <datafield tag="700" ind1="1" ind2=" ">
   <subfield code="a">Hakone, Kaori,</subfield>
   <subfield code="e">author.</subfield>
   <subfield code="9">59620</subfield>
  </datafield>
  <datafield tag="700" ind1="1" ind2=" ">
   <subfield code="a">Uchida, Kinuka,</subfield>
   <subfield code="e">illustrator.</subfield>
   <subfield code="9">59621</subfield>
  </datafield>
  <datafield tag="942" ind1=" " ind2=" ">
   <subfield code="2">ddc</subfield>
   <subfield code="c">BK</subfield>
  </datafield>
  <datafield tag="955" ind1=" " ind2=" ">
   <subfield code="a">pc17 2016-08-05</subfield>
   <subfield code="a">xn05 2017-05-04 1 copy to USASH</subfield>
  </datafield>
  <datafield tag="999" ind1=" " ind2=" ">
   <subfield code="c">47430</subfield>
   <subfield code="d">47430</subfield>
  </datafield>
  <datafield tag="952" ind1=" " ind2=" ">
   <subfield code="0">0</subfield>
   <subfield code="1">0</subfield>
   <subfield code="2">ddc</subfield>
   <subfield code="4">0</subfield>
   <subfield code="6">495_611000000000000_STO</subfield>
   <subfield code="7">0</subfield>
   <subfield code="9">78360</subfield>
   <subfield code="a">BRACUL</subfield>
   <subfield code="b">BRACUL</subfield>
   <subfield code="c">NEW</subfield>
   <subfield code="d">2025-10-13</subfield>
   <subfield code="e">Trim Education</subfield>
   <subfield code="g">2500.00</subfield>
   <subfield code="l">1</subfield>
   <subfield code="m">27</subfield>
   <subfield code="o">495.611 STO</subfield>
   <subfield code="p">3010044948</subfield>
   <subfield code="q">2026-06-02</subfield>
   <subfield code="r">2025-10-16</subfield>
   <subfield code="s">2025-10-16</subfield>
   <subfield code="t">1</subfield>
   <subfield code="v">2500.00</subfield>
   <subfield code="w">2025-10-13</subfield>
   <subfield code="y">BK</subfield>
   <subfield code="x">Requisitioned by Annajiat Alim Rasel (Senior Lecturer, Department of Computer Science and Engineering, BRAC University) for the course named - 'Japanese Language and General for ITEE (JPN 101)'</subfield>
  </datafield>
  <datafield tag="952" ind1=" " ind2=" ">
   <subfield code="0">0</subfield>
   <subfield code="1">0</subfield>
   <subfield code="2">ddc</subfield>
   <subfield code="4">0</subfield>
   <subfield code="6">495_611000000000000_STO</subfield>
   <subfield code="7">0</subfield>
   <subfield code="9">78361</subfield>
   <subfield code="a">BRACUL</subfield>
   <subfield code="b">BRACUL</subfield>
   <subfield code="c">GEN</subfield>
   <subfield code="d">2025-10-13</subfield>
   <subfield code="e">Trim Education</subfield>
   <subfield code="g">2500.00</subfield>
   <subfield code="l">0</subfield>
   <subfield code="o">495.611 STO</subfield>
   <subfield code="p">3010044949</subfield>
   <subfield code="r">2025-10-13</subfield>
   <subfield code="t">2</subfield>
   <subfield code="v">2500.00</subfield>
   <subfield code="w">2025-10-13</subfield>
   <subfield code="y">BK</subfield>
   <subfield code="x">Requisitioned by Annajiat Alim Rasel (Senior Lecturer, Department of Computer Science and Engineering, BRAC University) for the course named - 'Japanese Language and General for ITEE (JPN 101)'</subfield>
  </datafield>
 </record>
</collection>
